000
00307nam a22001337a 4500
020
_q
HB.
040
_c
FIZZA ISHAQ
082
_a
621.329
_b
WOU
100
_a
BOMMEL,VAN WOUT.
_9
90721
245
_a
ROAD LIGHTING /
_c
WOUT VAN BOMMER.
260
_a
SPRINGER ;
_c
2015.
300
_a
334 P. ;
942
_2
ddc
_c
BK
999
_c
588934
_d
588934